[Event "NED-ch (Women)"]
[Site "Amsterdam"]
[Date "2016.08.25"]
[Round "4"]
[White "Van Weersel, Arlette"]
[Black "Padurariu, Ioana Smaranda"]
[Result "1/2-1/2"]
[WhiteElo "2170"]
[BlackElo "2179"]
[PlyCount "124"]
[EventDate "2016.08.22"]
[EventType "tourn"]
[EventRounds "7"]
[EventCountry "NED"]
[SourceTitle "CBM 174 Extra"]
[Source "ChessBase"]
[SourceDate "2016.10.10"]
[SourceVersion "1"]
[SourceVersionDate "2016.10.10"]
[SourceQuality "1"]

1. e4 c5 2. Nf3 e6 3. d4 cxd4 4. Nxd4 Nf6 5. Nc3 d6 6. Be2 a6 7. 0-0 Be7 8. f4 0-0 9. Be3 Qc7 10. Qe1 Re8 11. a4 Nc6 12. Qg3 Nxd4 13. Bxd4 e5 14. fxe5 dxe5 15. Kh1 Bd8 16. Be3 Kh8 17. Rf2 Be6 18. Raf1 Rf8 19. Bg5 Nd7 20. Nd5 Bxd5 21. exd5 Bxg5 22. Qxg5 f6 23. Qh4 g6 24. Qb4 a5 25. Qd2 Qd6 26. b3 b6 27. Rf3 Rf7 28. Rh3 Rg8 29. Qc3 Nc5 30. Bc4 Rgf8 31. Qg3 f5 32. Re1 Ne4 33. Qe3 Re7 34. Rf3 Nf6 35. Qh6 Rff7 36. Rh3 Ng4 37. Qd2 e4 38. Qd4+ Kg8 39. Be2 Nf6 40. c4 Nd7 41. Rb1 f4 42. b4 axb4 43. Qd2 f3 44. gxf3 e3 45. Qxb4 Qxb4 46. Rxb4 Rf4 47. Rg3 Rd4 48. Rg1 Rd2 49. Re1 g5 50. Kg1 Kg7 51. Rb5 Ra2 52. Rb4 Kf6 53. Bd3 Ra3 54. Bf1 h5 55. h3 Ke5 56. Be2 Kd6 57. Reb1 Kc7 58. R1b3 Ra1+ 59. Rb1 Ra2 60. R1b2 Ra1+ 61. Rb1 Ra2 62. R1b2 Ra1+ 1/2-1/2

[Event "NED-ch (Women)"]
[Site "Amsterdam"]
[Date "2016.08.24"]
[Round "3"]
[White "Padurariu, Ioana Smaranda"]
[Black "Kazarian, Anna Maja"]
[Result "1/2-1/2"]
[WhiteElo "2179"]
[BlackElo "2254"]
[PlyCount "82"]
[EventDate "2016.08.22"]
[EventType "tourn"]
[EventRounds "7"]
[EventCountry "NED"]
[SourceTitle "CBM 174 Extra"]
[Source "ChessBase"]
[SourceDate "2016.10.10"]
[SourceVersion "1"]
[SourceVersionDate "2016.10.10"]
[SourceQuality "1"]

1. e4 e6 2. d4 d5 3. Nc3 Nf6 4. e5 Nfd7 5. f4 c5 6. Nf3 Nc6 7. Be3 Be7 8. Qd2 0-0 9. Be2 b6 10. 0-0 f5 11. Kh1 Bb7 12. Nd1 cxd4 13. Nxd4 Nxd4 14. Bxd4 Nc5 15. Bd3 Rc8 16. Ne3 Qc7 17. Qe2 Ne4 18. g4 Bc5 19. c3 Qe7 20. gxf5 exf5 21. Rad1 a5 22. Bb1 Qh4 23. Bxe4 dxe4 24. Bxc5 Rxc5 25. Rd7 Bc6 26. Rd6 g5 27. Qg2 a4 28. a3 Bb5 29. Rg1 Qxf4 30. Qxg5+ Qxg5 31. Rxg5+ Kh8 32. Rxf5 Rxf5 33. Nxf5 Rxe5 34. Ne3 Be2 35. Kg2 Rb5 36. Rd2 Rg5+ 37. Kf2 Bd3 38. Rd1 Rb5 39. Rd2 Rg5 40. Rd1 Rb5 41. Rd2 Rg5 1/2-1/2

[Event "BL 1415 (Women)"]
[Site "Germany"]
[Date "2015.01.25"]
[Round "7.5"]
[White "Padurariu, Ioana Smaranda"]
[Black "Sedina, Elena"]
[Result "0-1"]
[WhiteElo "2192"]
[BlackElo "2294"]
[PlyCount "60"]
[EventDate "2014.09.27"]
[EventType "team-tourn"]
[EventRounds "11"]
[EventCountry "GER"]
[SourceTitle "CBM 166 Extra"]
[Source "ChessBase"]
[SourceDate "2015.06.18"]
[SourceVersion "1"]
[SourceVersionDate "2015.06.18"]
[SourceQuality "1"]
[WhiteTeam "Friedberg (W)"]
[BlackTeam "Baden-Baden (W)"]
[WhiteTeamCountry "GER"]
[BlackTeamCountry "GER"]

1. e4 e6 2. d4 d5 3. Nc3 Nf6 4. e5 Nfd7 5. f4 c5 6. Nf3 Nc6 7. Be3 Be7 8. Qd2 0-0 9. Be2 b6 10. 0-0 f5 11. exf6 Nxf6 12. Bb5 Qc7 13. Ne2 cxd4 14. Nfxd4 Ne4 15. Qe1 Nxd4 16. Nxd4 Bd7 17. Bd3 Nc5 18. Be2 e5 19. fxe5 Qxe5 20. Bf3 Bd6 21. g3 Bh3 22. Rf2 Ne4 23. Re2 Rae8 24. c3 Qf6 25. Bf2 Bc5 26. Bh1 Re7 27. b4 Nxc3 28. Rxe7 Bxe7 29. Nc6 Ne2+ 30. Qxe2 Qxa1+ 0-1

[Event "NED-ch (Women)"]
[Site "Amsterdam"]
[Date "2014.07.06"]
[Round "1"]
[White "Padurariu, Ioana Smaranda"]
[Black "Haast, Anne"]
[Result "0-1"]
[WhiteElo "2205"]
[BlackElo "2296"]
[PlyCount "158"]
[EventDate "2014.07.06"]
[EventType "tourn"]
[EventRounds "7"]
[EventCountry "NED"]
[SourceTitle "CBM 161 Extra"]
[Source "ChessBase"]
[SourceDate "2014.08.29"]
[SourceVersion "1"]
[SourceVersionDate "2014.08.29"]
[SourceQuality "1"]

1. e4 c5 2. Nf3 e6 3. d4 cxd4 4. Nxd4 Nc6 5. Nc3 Qc7 6. Be3 a6 7. Qd2 Nf6 8. 0-0-0 Bb4 9. f3 Ne7 10. a3 Bxc3 11. Qxc3 Qxc3 12. bxc3 d5 13. e5 Nd7 14. f4 h5 15. Nb3 b6 16. Bd3 Bb7 17. Rhg1 Rc8 18. Kd2 Rc7 19. Rb1 0-0 20. g4 hxg4 21. Rxg4 g6 22. h4 Kg7 23. Nd4 Rh8 24. Rg2 b5 25. f5 exf5 26. Bg5 Kf8 27. e6 Nc5 28. Bf6 Rh7 29. Be5 Rc8 30. exf7 Kxf7 31. Nf3 Ke8 32. Ng5 Rxh4 33. Bf6 Rc6 34. Ne6 Ne4+ 35. Bxe4 Rxe4 36. Bxe7 Rexe6 37. Bg5 d4 38. cxd4 Rc4 39. Rh2 Rxd4+ 40. Kc3 Rc4+ 41. Kb2 Bf3 42. Rd2 Rg4 43. Rd8+ Kf7 44. Rd7+ Kf8 45. Rd8+ Re8 46. Bh6+ Ke7 47. Rd3 Be4 48. Rc3 Rd8 49. a4 b4 50. Rc5 b3 51. Kxb3 Rb8+ 52. Ka2 Bd5+ 53. c4 Rxc4 54. Rxb8 Rxc5+ 55. Kb2 Rc4 56. Bg5+ Kf7 57. Rd8 Be6 58. a5 Rg4 59. Bd2 g5 60. Kc3 Rc4+ 61. Kd3 f4 62. Rd4 Rc6 63. Ke4 Kf6 64. Rb4 Rc2 65. Rd4 Bf5+ 66. Kf3 Ke5 67. Rd8 g4+ 68. Ke2 g3 69. Kf3 Rc4 70. Re8+ Be6 71. Bxf4+ Rxf4+ 72. Kxg3 Ra4 73. Kf3 Rxa5 74. Ke3 Ra3+ 75. Kd2 Kd6 76. Kc2 a5 77. Kb2 Rb3+ 78. Kc2 a4 79. Ra8 Bd7 0-1

[Event "Leiden Noteboom Memorial 74th"]
[Site "Leiden"]
[Date "2014.03.01"]
[Round "4"]
[White "Padurariu, Ioana Smaranda"]
[Black "Van den Doel, Erik"]
[Result "0-1"]
[WhiteElo "2210"]
[BlackElo "2573"]
[PlyCount "88"]
[EventDate "2014.02.28"]
[EventType "swiss"]
[EventRounds "6"]
[EventCountry "NED"]
[SourceTitle "CBM 159 Extra"]
[Source "ChessBase"]
[SourceDate "2014.04.24"]
[SourceVersion "1"]
[SourceVersionDate "2014.04.24"]
[SourceQuality "1"]

1. e4 d5 2. exd5 Qxd5 3. Nc3 Qd6 4. d4 Nf6 5. Nf3 c6 6. g3 Bg4 7. Bg2 e6 8. 0-0 Be7 9. h3 Bh5 10. Re1 0-0 11. Bf4 Qb4 12. g4 Bg6 13. Rb1 Nbd7 14. a3 Qb6 15. Qe2 Rfe8 16. Bg3 Rac8 17. Ne5 Nf8 18. Red1 Rcd8 19. Nc4 Qa6 20. Ne3 Qxe2 21. Nxe2 Ne4 22. Bh2 Nd7 23. Rbc1 Nb6 24. Nf4 Bh4 25. Rf1 Nd2 26. Rfd1 Rxd4 27. Nxg6 hxg6 28. Be5 Rd7 29. b3 Bf6 30. Bxf6 gxf6 31. a4 a5 32. h4 f5 33. g5 Kg7 34. f3 Red8 35. Ra1 e5 36. Rac1 c5 37. h5 c4 38. h6+ Kh7 39. Nxc4 Ndxc4 40. Rxd7 Rxd7 41. bxc4 Nxc4 42. Bf1 Nd2 43. Be2 f4 44. Kh1 Rd6 0-1

[Event "Leiden LCT op-A 7th"]
[Site "Leiden"]
[Date "2013.07.20"]
[Round "8"]
[White "Padurariu, Ioana Smaranda"]
[Black "Ratsma, Midas"]
[Result "1/2-1/2"]
[WhiteElo "2208"]
[BlackElo "2036"]
[PlyCount "70"]
[EventDate "2013.07.12"]
[EventType "swiss"]
[EventRounds "9"]
[EventCountry "NED"]
[SourceTitle "CBM 155 Extra"]
[Source "ChessBase"]
[SourceDate "2013.08.26"]
[SourceVersion "1"]
[SourceVersionDate "2013.08.26"]
[SourceQuality "1"]

1. e4 e6 2. d4 d5 3. Nc3 Bb4 4. e5 c5 5. a3 Bxc3+ 6. bxc3 Ne7 7. Qg4 cxd4 8. cxd4 Qc7 9. Bd2 Qxc2 10. Ne2 Nbc6 11. Qxg7 Rg8 12. Qf6 Bd7 13. Qf3 Nf5 14. Qc3 Qa4 15. Be3 Rc8 16. Qb2 Na5 17. Ng3 Nxe3 18. fxe3 Rc2 19. Qb4 Nb3 20. Rd1 Qxb4+ 21. axb4 Ke7 22. Bd3 Rxg2 23. Be2 a5 24. bxa5 Nxa5 25. Kf1 R2xg3 26. hxg3 Rxg3 27. Kf2 Rg7 28. Bd3 f5 29. exf6+ Kxf6 30. Rxh7 Rxh7 31. Bxh7 Nc4 32. Ra1 b5 33. Ra7 Ke7 34. Ke2 Kd6 35. Bc2 Bc6 1/2-1/2

[Event "Leiden LCT op-A 7th"]
[Site "Leiden"]
[Date "2013.07.18"]
[Round "6"]
[White "Lecomte, Robin"]
[Black "Padurariu, Ioana Smaranda"]
[Result "1-0"]
[WhiteElo "1930"]
[BlackElo "2208"]
[PlyCount "93"]
[EventDate "2013.07.12"]
[EventType "swiss"]
[EventRounds "9"]
[EventCountry "NED"]
[SourceTitle "CBM 155 Extra"]
[Source "ChessBase"]
[SourceDate "2013.08.26"]
[SourceVersion "1"]
[SourceVersionDate "2013.08.26"]
[SourceQuality "1"]

1. e4 c5 2. Nc3 e6 3. f4 Nc6 4. Nf3 Nge7 5. d3 d5 6. Be2 g6 7. 0-0 Bg7 8. e5 a6 9. Na4 b6 10. c4 Rb8 11. Nc3 Nd4 12. Nxd4 cxd4 13. Nb1 0-0 14. Nd2 Nf5 15. Nf3 h5 16. b3 Bb7 17. Qe1 dxc4 18. bxc4 b5 19. cxb5 axb5 20. Ng5 Qe7 21. Bd2 Rfc8 22. Bf3 Bxf3 23. Rxf3 Rc2 24. Bb4 Qa7 25. a3 Rbc8 26. Ne4 Ne3 27. Bd2 Nd5 28. Nd6 Rb8 29. Rg3 Qd7 30. Qd1 Rc6 31. Qb3 Nc3 32. Re1 Qa7 33. f5 h4 34. Rxg6 Rxd6 35. Rxg7+ Kxg7 36. exd6 Re8 37. fxe6 fxe6 38. Bg5 e5 39. Be7 Rxe7 40. dxe7 Qxe7 41. Qb4 Qf6 42. Qc5 e4 43. dxe4 h3 44. Qc7+ Kh6 45. Qg3 hxg2 46. Qh3+ Kg7 47. Qxg2+ 1-0

[Event "Bornholm (Women)"]
[Site "Ronne"]
[Date "2013.07.03"]
[Round "2"]
[White "Gasik, Anna"]
[Black "Padurariu, Ioana Smaranda"]
[Result "1/2-1/2"]
[WhiteElo "2205"]
[BlackElo "2208"]
[PlyCount "121"]
[EventDate "2013.07.02"]
[EventType "tourn"]
[EventRounds "9"]
[EventCountry "DEN"]
[SourceTitle "EXT 2014"]
[Source "ChessBase"]
[SourceDate "2013.11.20"]
[SourceVersion "1"]
[SourceVersionDate "2013.11.20"]
[SourceQuality "1"]

1. e4 c5 2. Nf3 e6 3. d4 cxd4 4. Nxd4 Nf6 5. Nc3 d6 6. g3 Nc6 7. Bg2 Bd7 8. 0-0 Be7 9. a4 0-0 10. Nb3 Rc8 11. f4 Ne8 12. Be3 Bf6 13. a5 Bxc3 14. bxc3 Qc7 15. c4 b6 16. axb6 axb6 17. Rf2 Nb8 18. Rd2 e5 19. fxe5 dxe5 20. c5 b5 21. c6 Bxc6 22. Bc5 Nf6 23. Bxf8 Rxf8 24. Qe2 Nbd7 25. h3 Nb6 26. Kh2 Nc4 27. Rd3 h6 28. Nd2 Nd6 29. Qe3 Nc8 30. Rc3 Nb6 31. Bf1 Na4 32. Rb3 Rb8 33. Rab1 Qd7 34. c4 Rc8 35. cxb5 Bb7 36. Ra3 Nc5 37. Bg2 Rd8 38. Nc4 Nfxe4 39. Ra7 Qd5 40. Rxb7 Qxb7 41. Nxe5 Qc7 42. Bxe4 Re8 43. Re1 f6 44. Bd5+ Kh7 45. Rc1 Rxe5 46. Qxc5 Qd7 47. Qc2+ f5 48. Bg2 Qxb5 49. Rf1 h5 50. Qd1 Qe8 51. Qf3 h4 52. g4 fxg4 53. hxg4 Qe7 54. Qd3+ g6 55. Qc4 Kg7 56. Kh1 Re3 57. Qd4+ Kh7 58. g5 Re5 59. Qxh4+ Kg8 60. Qc4+ Kg7 61. Qh4 1/2-1/2

[Event "Delft Prinsenstad op-A 6th"]
[Site "Delft"]
[Date "2013.03.31"]
[Round "4"]
[White "Ootes, Lars"]
[Black "Padurariu, Ioana Smaranda"]
[Result "1-0"]
[WhiteElo "2350"]
[BlackElo "2201"]
[PlyCount "77"]
[EventDate "2013.03.29"]
[EventType "swiss"]
[EventRounds "6"]
[EventCountry "NED"]
[SourceTitle "EXT 2018"]
[Source "ChessBase"]
[SourceDate "2017.10.13"]
[SourceVersion "1"]
[SourceVersionDate "2017.10.13"]
[SourceQuality "1"]

1. e4 c5 2. Nf3 e6 3. d4 cxd4 4. Nxd4 Nf6 5. Nc3 d6 6. g4 h6 7. h4 Nc6 8. Rg1 d5 9. Bb5 Bd7 10. exd5 Nxd5 11. Nxd5 exd5 12. Be3 Be7 13. Qd2 Qa5 14. Qxa5 Nxa5 15. 0-0-0 0-0-0 16. Bxd7+ Rxd7 17. Nf5 Nc6 18. Nxe7+ Rxe7 19. Rxd5 a6 20. Rgd1 Re4 21. Rd7 Ne5 22. R7d5 Nc6 23. g5 hxg5 24. hxg5 g6 25. b3 Rd8 26. c4 Ree8 27. Kb2 Rxd5 28. Rxd5 Rd8 29. Rxd8+ Kxd8 30. Kc3 Kd7 31. b4 Kd6 32. a4 Kc7 33. b5 Ne7 34. Kd4 Kd7 35. Kc5 Nc8 36. a5 Kc7 37. Bf4+ Kd7 38. Bg3 Ne7 39. Kb6 1-0

[Event "Delft Prinsenstad op-A 6th"]
[Site "Delft"]
[Date "2013.03.30"]
[Round "2"]
[White "Reinderman, Dimitri"]
[Black "Padurariu, Ioana Smaranda"]
[Result "1-0"]
[WhiteElo "2573"]
[BlackElo "2201"]
[PlyCount "61"]
[EventDate "2013.03.29"]
[EventType "swiss"]
[EventRounds "6"]
[EventCountry "NED"]
[SourceTitle "EXT 2018"]
[Source "ChessBase"]
[SourceDate "2017.10.13"]
[SourceVersion "1"]
[SourceVersionDate "2017.10.13"]
[SourceQuality "1"]

1. c4 Nf6 2. Nc3 e6 3. e4 d5 4. e5 d4 5. exf6 dxc3 6. bxc3 Qxf6 7. Nf3 e5 8. d4 exd4 9. Bg5 Qe6+ 10. Be2 Be7 11. cxd4 Bxg5 12. Nxg5 Qf6 13. Ne4 Qh4 14. Bf3 0-0 15. 0-0 Nc6 16. d5 Ne5 17. Rc1 Re8 18. Re1 Bf5 19. Ng3 Nd3 20. Rxe8+ Rxe8 21. Qa4 Qe7 22. Rf1 Nc5 23. Qxa7 Bd3 24. Rd1 Bxc4 25. h3 h6 26. Nf5 Qf8 27. d6 Ne6 28. Ne3 b5 29. dxc7 Rc8 30. Rd7 Kh7 31. Bb7 1-0

[Event "Hoogeveen Unive op 16th"]
[Site "Hoogeveen"]
[Date "2012.10.21"]
[Round "3"]
[White "Padurariu, Ioana Smaranda"]
[Black "Henseler, Jorgen"]
[Result "1-0"]
[WhiteElo "2236"]
[BlackElo "2062"]
[PlyCount "67"]
[EventDate "2012.10.19"]
[EventType "swiss"]
[EventRounds "9"]
[EventCountry "NED"]
[SourceTitle "EXT 2013"]
[Source "ChessBase"]
[SourceDate "2012.11.22"]
[SourceVersion "1"]
[SourceVersionDate "2012.11.22"]
[SourceQuality "1"]

1. e4 c5 2. Nf3 Nc6 3. d4 cxd4 4. Nxd4 Nf6 5. Nc3 e5 6. Ndb5 d6 7. Bg5 a6 8. Na3 b5 9. Bxf6 gxf6 10. Nd5 f5 11. Bd3 Be6 12. 0-0 Bxd5 13. exd5 Ne7 14. Nxb5 Qb6 15. Na3 e4 16. Be2 Bg7 17. Rb1 0-0 18. Qd2 Kh8 19. Kh1 Qc5 20. c4 Be5 21. f4 Bf6 22. Nc2 Rg8 23. Qe3 Qc7 24. Rfd1 Rab8 25. b3 Rgc8 26. Bf1 Qa5 27. a3 Ng6 28. b4 Qa4 29. Nd4 Ne7 30. Qh3 Bxd4 31. Rxd4 a5 32. Rdd1 axb4 33. axb4 Rxb4 34. Qc3+ 1-0

[Event "ROM-ch (Women)"]
[Site "Sarata Monteoru"]
[Date "2012.02.21"]
[Round "9"]
[White "Cosma, Elena Luminita"]
[Black "Padurariu, Ioana Smaranda"]
[Result "1-0"]
[WhiteElo "2325"]
[BlackElo "2247"]
[PlyCount "113"]
[EventDate "2012.02.13"]
[EventType "swiss"]
[EventRounds "9"]
[EventCountry "ROU"]
[SourceTitle "CBM 147 Extra"]
[Source "ChessBase"]
[SourceDate "2012.04.24"]
[SourceVersion "1"]
[SourceVersionDate "2012.04.24"]
[SourceQuality "1"]

1. Nf3 Nf6 2. c4 e6 3. g3 d5 4. d4 Be7 5. Bg2 0-0 6. Qb3 c5 7. cxd5 Nxd5 8. 0-0 Nc6 9. dxc5 Bxc5 10. Nc3 Nxc3 11. Qxc3 Qb6 12. Bf4 f6 13. Rac1 Bb4 14. Qc4 Na5 15. Qc7 Qxc7 16. Bxc7 Nc6 17. a3 Be7 18. Nd2 Nd4 19. Rfe1 e5 20. Bd5+ Kh8 21. e3 Ne6 22. Ne4 f5 23. Nd6 Bxd6 24. Bxd6 Rd8 25. Rxc8 Raxc8 26. Bxe6 Rc6 27. Be7 Re8 28. Bd7 Rxe7 29. Bxc6 bxc6 30. Rc1 Re6 31. Rd1 Kg8 32. Rd7 c5 33. Rxa7 Rb6 34. Rc7 c4 35. Rxc4 Rxb2 36. Rc5 Kf7 37. Rxe5 Kf6 38. Ra5 g5 39. h3 h5 40. Kg2 g4 41. h4 Ra2 42. Ra8 Kg7 43. a4 Ra3 44. a5 Ra1 45. a6 Kh7 46. a7 Kg7 47. f4 gxf3+ 48. Kxf3 Ra4 49. Ke2 Ra3 50. Kd2 Ra2+ 51. Kc3 Ra4 52. Kb3 Ra1 53. Kb4 Kh7 54. Kc5 Kg7 55. Kd6 Ra5 56. Ke6 Kh7 57. Kf6 1-0